| 000 | 00000nam##2200000za#4500 |
| 001 | 9.657247 |
| 003 | CaOODSP |
| 005 | 20240913083145 |
| 007 | ta |
| 008 | 150407|1994||||xxc||||| f|0| 0 eng|d |
| 020 | |a0-662-61545-X|z0-662-61521-2 |
| 040 | |aCaOODSP|beng |
| 041 | |aeng |
| 041 | |afre |
| 043 | |an-cn--- |
| 086 | 1 |aMP90-2/12-1995 |
| 110 | 1 |aCanada. |bHuman Resources Development Canada. |
| 245 | 10|aFederal support to post-secondary education : |ba supplementary paper |
| 260 | |aOttawa - Ontario : |bHuman Resources Development Canada |c1994. |
| 300 | |aEnglish text, 58p. : |bgraphs, tables ; |c28 cm. |
| 500 | |a"This paper is part of a series of Supplementary Papers which are being released to provide Canadians with more detailed information about the current system and the options outlined in the Discussion Paper [Cat. No. MP90-2/3-1994E, ISBN 0-662-22607-0]".--Preface. Logo on cover and title page: Improving social security in Canada. Contents: Introduction.--Post-secondary education in Canada.--Federal support.--The options for change.--Improved support to learners.--A new approach to student aid.--Conclusion.--Annex A: EPF-PSE: The existing mechanism.--Annex B: EPF-PSE: the future options.--Annex C: Income contingent repayment in Australia and New Zealand. |
| 520 | 3 |aThis paper is part of a series of Supplementary Papers which are being released to provide Canadians with more detailed information about the current system and the options outlined in the Discussion Paper [Cat. No. MP90-2/3-1994E, ISBN 0-662-22607-0].--Preface |
| 546 | |aBilingual |
| 563 | |aSoftcover |
| 590 | |a95-51|b1995-12-22 |
| 690 | 07|aPostsecondary education|2gcpds |
| 776 | 0#|tFederal support to post-secondary education : |w(CaOODSP)9.943184 |
| 792 | |tL'apport du gouvernement fédéral à l'enseignement postsecondaire : |efre|w(CaOODSP)9.657248 |
| 986 | |aSC-095-01-95 |